| 000 | 01055nam a22002057a 4500 | ||
|---|---|---|---|
| 008 | 100725s1961 xxu||||| |||| 00| 0 ara d | ||
| 082 |
_222 _a128 _bك ا س |
||
| 100 | 1 |
_917456 _aكاسيترر ، أرنست |
|
| 245 |
_aمدخل إلى فلسفة الحضارة الإنسانية ،أو، مقال فى الإنسان / _cأرنست كاسيرر ؛ ترجمة إحسان عباس ؛ مراجعة محمد يوسف نجم |
||
| 246 | _aمقال فى الإنسان | ||
| 260 |
_aبيروت : _bدار الاندلس ، _c1961. |
||
| 300 |
_a414 ص ؛ _c24 سم. |
||
| 504 | _aيحتوى على إرجاعات ببليوجرافية | ||
| 541 |
_aألف باء ؛ _cشراء ؛ |
||
| 650 |
_917461 _aالأنثروبولوجيا الفلسفية |
||
| 700 |
_917454 _aعباس ، إحسان _eترجمة |
||
| 700 |
_917455 _aنجم ، محمد يوسف _eمراجعة |
||
| 942 |
_2ddc _cBB |
||
| 999 |
_c14545 _d14545 |
||